000
00301nam a2200109Ia 4500
008
200302s9999 xx 000 0 und d
100
_a
Theodore Crane
245
_a
Architectural Construction The Choice of Structural Design 2nd ed.
260
_b
John Wiley & Sons Inc.
260
_c
1956
300
_a
433 P.,
999
_c
12
_d
12